000 00459nam a2200181 4500
003 SEACOMEC
005 20240206140545.0
008 240206b |||||||| |||| 00| 0 eng d
020 _c$6.70
040 _aSEACOMEC
082 _a621.3862
_bS997
100 _aSze,S.M.
245 1 _aPhysics of semiconductor devices
_cS.M. Sze
250 _a2nd ed.
260 _aSingapore
_bJohn Wiley
650 _aTechnology,Specific topics in general radio
942 _cBOOK
999 _c585
_d585